[Event "Sherbrooke Perpetuelles 7-12"]
[Site "Sherbrooke"]
[Date "2004.11.05"]
[Round "1"]
[White "Belzil, Julien"]
[Black "Benoit, Andre"]
[Result "1-0"]
[WhiteElo "1337"]
[BlackElo "1413"]
[PlyCount "77"]
[EventDate "2004.??.??"]
[EventType "swiss"]
[EventRounds "6"]
[EventCountry "CAN"]
[SourceTitle "EXT 2006"]
[Source "ChessBase"]
[SourceDate "2005.11.24"]
[SourceVersion "1"]
[SourceVersionDate "2005.11.24"]
[SourceQuality "1"]

1. c4 e5 2. e4 Bc5 3. Nc3 Nf6 4. h3 d6 5. d3 Nc6 6. Bg5 Be6 7. Nf3 h6 8. Bh4 g5 9. Bg3 Qd7 10. a3 h5 11. Nxg5 0-0-0 12. Qf3 Rh6 13. Qd1 h4 14. Bh2 Rg8 15. Qd2 Rgg6 16. Nf3 a6 17. b4 Nd4 18. Nxd4 Bxd4 19. Rb1 Nh5 20. b5 a5 21. Ne2 b6 22. Nxd4 exd4 23. Be2 Rh7 24. Bf3 f5 25. Qe2 Nf6 26. e5 dxe5 27. Bxe5 Re7 28. 0-0 f4 29. Ba8 Bxh3 30. Kh1 Qf5 31. Rbe1 Ng4 32. Qf3 Nxe5 33. Qxh3 Qxh3+ 34. gxh3 Kb8 35. Be4 Rg5 36. Bd5 Reg7 37. Re4 Nxd3 38. Re8+ Ka7 39. Ra8# 1-0

[Event "Sherbrooke Perpetuelles Ete"]
[Site "Sherbrooke"]
[Date "2004.08.20"]
[Round "6"]
[White "Benoit, Andre"]
[Black "Veronneau, Daniel"]
[Result "1-0"]
[WhiteElo "1440"]
[BlackElo "1179"]
[PlyCount "63"]
[EventDate "2004.??.??"]
[EventType "swiss"]
[EventRounds "7"]
[EventCountry "CAN"]
[SourceTitle "EXT 2006"]
[Source "ChessBase"]
[SourceDate "2005.11.24"]
[SourceVersion "1"]
[SourceVersionDate "2005.11.24"]
[SourceQuality "1"]

1. e4 e5 2. Bc4 Nc6 3. Nc3 Nf6 4. f4 d6 5. Nf3 Be6 6. Bb5 Nd7 7. f5 Be7 8. 0-0 a6 9. Be2 0-0 10. fxe6 fxe6 11. d4 exd4 12. Nxd4 d5 13. Nxe6 Bc5+ 14. Kh1 Rxf1+ 15. Qxf1 Qh4 16. g3 Qe7 17. exd5 Nd4 18. Bc4 Nxe6 19. dxe6 Rf8 20. exd7+ Kh8 21. Qd1 b5 22. Bf4 Rd8 23. Qd5 bxc4 24. Rd1 Qf8 25. Qxc4 Bd6 26. Qe6 Bc5 27. Re1 Bf2 28. Re2 Bc5 29. Qc6 Be7 30. Qxc7 Rxd7 31. Qxd7 Qa8+ 32. Nd5 1-0

[Event "Sherbrooke Perpetuelles 36-40"]
[Site "Sherbrooke"]
[Date "2004.03.05"]
[Round "2"]
[White "Benoit, Andre"]
[Black "Lafleur, Sebastien"]
[Result "1-0"]
[WhiteElo "1320"]
[BlackElo "1137"]
[PlyCount "47"]
[EventDate "2004.02.??"]
[EventType "swiss"]
[EventRounds "5"]
[EventCountry "CAN"]
[SourceTitle "EXT 2005"]
[Source "ChessBase"]
[SourceDate "2004.11.15"]
[SourceVersion "1"]
[SourceVersionDate "2004.11.15"]
[SourceQuality "1"]

1. e4 e6 2. d4 d5 3. e5 c5 4. Nf3 cxd4 5. Nxd4 Bc5 6. Be3 Qb6 7. Bb5+ Bd7 8. Nc3 Bxb5 9. Ncxb5 a6 10. Nxe6 fxe6 11. Nd6+ Kd7 12. Nc4 Qc7 13. 0-0 b5 14. Bxc5 Qxc5 15. Nd6 Nh6 16. Rc1 Nc6 17. c4 Nxe5 18. Ne4 Qb4 19. Re1 Nxc4 20. b3 Ne5 21. Nc5+ Ke7 22. Nxe6 Kf7 23. Qxd5 Kg8 24. Qxa8+ 1-0